Statistics for Sweet Caroline - Neil Diamond Lyrics

Click here to take the quiz!

General Stats

  • This quiz has been taken 757 times
  • The average score is 91 of 144

Answer Stats

Lyrics% Correct
Sweet
97%
Caroline
96%
I
93%
To
90%
to
90%
never
86%
so
86%
Good
85%
good
85%
you
83%
you'd
83%
times
82%
me
80%
the
76%
Touchin
76%
touchin
76%
it
75%
seem
75%
in
74%
Out
70%
reachin
70%
hands
68%
Hands
68%
Where
65%
believe
64%
can
63%
been
61%
seemed
61%
began
60%
begin
58%
inclined
58%
know
57%
would
57%
can't
56%
Ive
56%
I've
56%
And
54%
and
54%
no
54%
Spring
52%
Summer
51%
Was
49%
We
49%
became
48%
when
48%
But
47%
then
47%
strong
42%
they
42%
It's
41%
come
39%
Oh
39%
have
38%
Who'd
38%
along
35%
could
34%
now
33%
growing
32%
my
31%
at
30%
dont
29%
Look
29%
night
29%
lonely
28%
believed
27%
How
27%
knowin
27%
hurt
26%
off
25%
warm
25%
Warm
25%
with
25%
up
24%
holding
23%
only
23%
two
22%
Hurtin
21%
fill
20%
runs
20%
shoulders
19%

Score Distribution

Percentile by Number Answered

Percent of People with Each Score

Your Score History

You have not taken this quiz